Queer icon #1 - Statistics

General Stats
  • This quiz has been taken 22 times
  • The average score is 4 of 16
Answer Stats
Picture Answer % Correct
Nick Nelson
59%
Robin Buckley
59%
Ellie Williams
53%
Ian gallagher
53%
Player 120/ Hyun Ju
53%
Catra
35%
Adam Groff
18%
Eric Effiong
18%
Jules Vaughn
18%
Bette Porter
12%
Nicky Nichols
12%
Sophia Burset
12%
Corky
6%
Dreamer/ Nia Nal
6%
Kai Bartley
6%
Carol Aird
0%
No matching quizzes found
Score Distribution
Percent of People with Each Score
Percentile by Number Answered
Your Score History
You have not taken this quiz